Fr. Conceicao Rodrigues College of Engineering

Probability statistics and reliability for engineers and scientists (Record no. 20915)

MARC details
000 -LEADER
fixed length control field 00388nam a2200169Ia 4500
082 ## - DEWEY DECIMAL CLASSIFICATION NUMBER
Item number AYY
100 ## - MAIN ENTRY--PERSONAL NAME
Personal name Ayyub/Bilal M
250 ## - EDITION STATEMENT
Edition statement 2
245 ## - TITLE STATEMENT
Title Probability statistics and reliability for engineers and scientists
260 ## - PUBLICATION, DISTRIBUTION, ETC.
Name of publisher, distributor, etc. Chapman
Date of publication, distribution, etc. 2003
366 ## - TRADE AVAILABILITY INFORMATION
Publishers's discount category 27
300 ## - PHYSICAL DESCRIPTION
Extent 640
546 ## - LANGUAGE NOTE
Language note ENGLISH
-- production
650 ## - SUBJECT ADDED ENTRY--TOPICAL TERM
Topical term or geographic name entry element Probability
654 ## - SUBJECT ADDED ENTRY--FACETED TOPICAL TERMS
Focus term probability
942 ## - ADDED ENTRY ELEMENTS (KOHA)
Koha item type BOOK
Holdings
Withdrawn status Lost status Damaged status Not for loan Collection Home library Current library Date acquired Source of acquisition Cost, normal purchase price Inventory number Total Checkouts Full call number Barcode Date due Date last seen Date last checked out Cost, replacement price Price effective from Koha item type
        CRC Fr. Agnel's C.Rodrigues College of Engineering AGNEL TECHNICAL COLLEGE LIBRARY 17/03/2023 Allied Publishers 653.35 1258 dt 30.12.2015 1 AYY 23944 08/08/2025 29/07/2025 29/07/2025 895.00   BOOK